Les 14 Sommets les Plus Hauts du Monde - Statistiques

Statistiques générales
  • Ce quiz a été pris 814 fois
  • Le résultat moyen est 6 sur 14
Statistiques - réponses
Chaîne de montagnes Sommets % Correct
Himalaya Everest
100%
Karakorum Godwin Austen (K2)
95%
Himalaya Annapurna I
57%
Himalaya Lhotse
45%
Karakorum Broad Peak (K3)
41%
Himalaya Nanga Parbat
39%
Karakorum Gasherbrum II (K4)
38%
Himalaya Makalu
38%
Karakorum Gasherbrum I (K5)
37%
Himalaya Cho Oyu
35%
Himalaya Manaslu
33%
Himalaya Shishapangma / Gosainthan
24%
Himalaya Dhaulagiri I
23%
Himalaya Kangchenjunga
23%
Aucun quiz correspondant
Distribution des résultats
% des personnes avec chaque résultat
Percentile par nombre de réponses
Votre historique - résultats
Vous n’avez pas pris ce quiz